Online
Catalog

Comunidad andina : (Record no. 43134)

MARC details
000 -CABECERA
campo de control de longitud fija 00831nam a2200193 a 4500
001 - NÚMERO DE CONTROL
campo de control 000043645
005 - FECHA Y HORA DE LA ÚLTIMA TRANSACCIÓN
campo de control 20201002044909.0
008 - DATOS DE LONGITUD FIJA--INFORMACIÓN GENERAL
campo de control de longitud fija 140401s1978 dr a 000 0 spa d
040 ## - FUENTE DE LA CATALOGACIÓN
Centro catalogador/agencia de origen DO-SdBNP
Lengua de catalogación spa
Centro/agencia transcriptor BNPHU
082 ## - NÚMERO DE LA CLASIFICACIÓN DECIMAL DEWEY
Número de clasificación xxxx
Número de documento/Ítem xxxx
100 1# - ENTRADA PRINCIPAL--NOMBRE DE PERSONA
Nombre de persona Grondín, Marcelo
9 (RLIN) 71477
245 10 - MENCIÓN DE TÍTULO
Título Comunidad andina :
Resto del título explotación calculada /
Mención de responsabilidad, etc. Marcelo Grondín.
246 14 - FORMA VARIANTE DE TÍTULO
Título propio/Titulo breve Un estudio sobre la organización comunal de Muquiyauyo, Perú
260 ## - PUBLICACIÓN, DISTRIBUCIÓN, ETC.
Lugar de publicación, distribución, etc. Santo domingo :
Nombre del editor, distribuidor, etc. Unidad de Divulgación Técnica de la Secretaría de Estado de Agricultura de la República Dominicana,
Fecha de publicación, distribución, etc. 1978.
300 ## - DESCRIPCIÓN FÍSICA
Extensión xx, 279 p. :
Otras características físicas il., mapas ;
Dimensiones 22 cm.
500 ## - NOTA GENERAL
Nota general Incluye referencias bibliográficas y notas al pie de las páginas
500 ## - NOTA GENERAL
Nota general Incluye datos biografícos del autor en la solapa de la contracubierta
504 ## - NOTA DE BIBLIOGRAFÍA, ETC.
Nota de bibliografía, etc. Bibliografía : p. 271-279
Holdings
Estado de retiro Estado de pérdida No para préstamo Código de colección Localización permanente Ubicación/localización actual Ubicación en estantería Fecha de adquisición Número de inventario Total de préstamos Signatura topográfica completa Código de barras Fecha visto por última vez Precio válido a partir de Tipo de ítem Koha
    Excluido de préstamo Patrimonio Dominicano General General En catalogación 01.04.2014 LF1   xxxx xxxx 43645-10 25.06.2020 25.06.2020 Libro y Folleto Colección Patrimonio Dominicano

Powered by Koha